Kľúčové kompetencie subjektov manažmentu

Definície pojmov kompetencia a kľúčová kompetencia. História a súčasnosť pojmu manažérska kompetencia. Kľúčová kompetencia. Sociálna kompetencia. Riadenie podľa kompetencií (Competency based management)

Gespeichert in:
Bibliographische Detailangaben
1. Verfasser: Skorková, Zuzana, 1979-
Format: Buchkapitel
Sprache:Slowakisch
Schlagworte:
Tags: Tag hinzufügen
Keine Tags, Fügen Sie das erste Tag hinzu!

MARC

LEADER 00000naa a2200000 4500
001 0196344
005 20240503095752.7
041 0 |a slo 
044 |a SK 
245 1 0 |a Kľúčové kompetencie subjektov manažmentu  |c Zuzana Skorková 
520 |a Definície pojmov kompetencia a kľúčová kompetencia. História a súčasnosť pojmu manažérska kompetencia. Kľúčová kompetencia. Sociálna kompetencia. Riadenie podľa kompetencií (Competency based management) 
610 2 0 |a kompetencie manažérske 
610 2 0 |a manažment 
610 2 0 |a pojmy 
610 2 0 |a história 
610 2 0 |a riadenie 
100 1 |a Skorková, Zuzana, 1979-